Loading...
| History - American | 0 | 9 | 0 | 2 | 90 | 77 | 110.89 | 0 | 0 | 0.00 | 0.00 |
| History - European | 0 | 5 | 1 | 4 | 45 | 92 | 126.60 | 0 | 1 | 0.00 | 0.00 |
| History - Other | 0 | 4 | 0 | 1 | 40 | 67 | 114.50 | 0 | 1 | 0.00 | 0.00 |
| Literature - European | 0 | 4 | 0 | 0 | 40 | 93 | 107.75 | 1 | 3 | 0.00 | 0.00 |
| Religion | 0 | 4 | 0 | 0 | 40 | 108 | 125.25 | 0 | 1 | 0.00 | 0.00 |
| History - World | 0 | 5 | 3 | 1 | 35 | 99 | 118.20 | 0 | 0 | 0.00 | 0.00 |
| Fine Arts - Classical Music | 0 | 3 | 0 | 1 | 30 | 116 | 124.67 | 0 | 0 | 0.00 | 0.00 |
| Fine Arts - Other | 0 | 3 | 0 | 0 | 30 | 125 | 131.33 | 0 | 0 | 0.00 | 0.00 |
| Geography | 0 | 3 | 0 | 0 | 30 | 34 | 89.00 | 0 | 2 | 0.00 | 0.00 |
| Literature - British | 0 | 3 | 0 | 0 | 30 | 101 | 113.00 | 0 | 1 | 0.00 | 0.00 |
| Literature - World | 0 | 2 | 0 | 0 | 20 | 112 | 132.00 | 0 | 0 | 0.00 | 0.00 |
| Social Science | 0 | 2 | 1 | 0 | 15 | 85 | 92.50 | 0 | 1 | 0.00 | 0.00 |
| Literature - American | 0 | 1 | 0 | 0 | 10 | 121 | 121.00 | 0 | 0 | 0.00 | 0.00 |
| Mythology | 0 | 1 | 0 | 0 | 10 | 116 | 116.00 | 0 | 0 | 0.00 | 0.00 |
| Philosophy | 0 | 1 | 0 | 0 | 10 | 131 | 131.00 | 0 | 0 | 0.00 | 0.00 |
| Current Events | 0 | 1 | 1 | 0 | 5 | 118 | 118.00 | 0 | 0 | 0.00 | 0.00 |